| 000 | 01050nam a2200229 a 4500 | ||
|---|---|---|---|
| 008 | 120222s2010 ||||||||||||||||| || u | ||
| 020 | _a9781444117134 | ||
| 050 | _aRJ 61 Min | ||
| 100 | _aMinett, Pamela | ||
| 245 | 1 | 0 |
_aChild care and development. -- 6th ed. _cby Pamela Minett |
| 250 | _a6th ed. | ||
| 260 |
_aLondon: _bHodder Education _c2010 |
||
| 300 | _avii, 391p.: ill. | ||
| 350 | _a62.50 | ||
| 500 | _aBibliography | ||
| 650 | _aCHILD REARING | ||
| 650 | _aCHILD PSYCHOLOGY | ||
| 650 | 0 | _aCHILD CARE | |
| 995 |
_aMEDICAL LIBRARY OPEN ACCESS _e901606 _FCBU-SCHOOL OF MEDICINE LIBRARY (Ndola) _I0.00 _jRJ 61 Min _M1 _UAVAILABLE _WJun 28, 2012 _y901606 _ZMedical Library Open Access Collection |
||
| 995 |
_aMAIN LIBRARY OPEN ACCESS _e745745 _FCBU-MAIN LIBRARY (Kitwe) _I62.50 _jRJ 61 Min _M2 _UAVAILABLE _WMay 12, 2016 _y745745 _ZMain Library Open Access Collection |
||
| 995 |
_aMEDICAL LIBRARY OPEN ACCESS _e743897 _FCBU-SCHOOL OF MEDICINE LIBRARY (Ndola) _I0.00 _jRJ 61 Min _M2 _UAVAILABLE _WJun 12, 2013 _y743897 _ZMedical Library Open Access Collection |
||
| 999 |
_c63978 _d63978 |
||